000 00850nam a22002417a 4500
003 UA-OsUOA
001 46837
007 ta
008 20120515b un ||||| |||| 00| 0 ukr d
100 _aЖуравицький Я.К.
090 _a82-6
_bЖ91
942 _cBK
040 _aUA-OsUOA
_bukr
_cUA-OsUOA
_dUA-OsUOA
245 _aНайновіший і найпрактичніший українсько-англійський листівник або як писати листи
300 _a205 с.
955 _a2
041 _aukr
080 _a82-6
260 _aВінніпег
_bУкраїнська книгарня
_c1951
650 7 _a82 Література. Літературознавство
_2UDC
999 _c426939
_d426939